| 000 | 00923cam a2200301 i 4500 | ||
|---|---|---|---|
| 001 | 58221 | ||
| 003 | Mx-PuUPA | ||
| 005 | 20250403120822.0 | ||
| 008 | 140415s1985 mx 000 0 spa d | ||
| 040 |
_aMx-PuUPA _bspa _cMx-PuUPA _dMx-PuUPA _erda |
||
| 041 | 0 | _aspa | |
| 100 | 1 |
_96919 _aFuentes, Carlos, _d1928-2012 _eautor |
|
| 245 | 1 | 0 |
_aAura / _cCarlos Fuentes |
| 250 | _a23a edición | ||
| 264 | 1 |
_aMéxico, D.F. : _bEdiciones Era, _c1985 |
|
| 300 |
_a61 páginas ; _c14 cm |
||
| 336 |
_2rdacontent _atexto _btxt |
||
| 337 |
_2rdamedia _asin medio _bn |
||
| 338 |
_2rdacarrier _avolumen _bnc |
||
| 490 | 0 | _aBiblioteca Era | |
| 650 | 7 |
_2armarc _aRelaciones hombre-mujer _vNovela |
|
| 650 | 7 |
_2armarc _aHistoria de terror |
|
| 655 | 7 |
_2armarc _aNovela mexicana _ySiglo XX |
|
| 655 | 7 |
_2armarc _aNovela doméstica |
|
| 942 |
_2ddc _cLI _h863.6 _iF953 |
||
| 999 |
_c58221 _d58221 |
||